Nếu em không phải là một giấc mơ? = Et si C'était Vrai?

Guardat en:
Dades bibliogràfiques
Autor principal: Levy, Marc
Format: Llibre
Idioma:Undetermined
Publicat: Hà Nội Hội Nhà Văn 2006
Matèries:
Etiquetes: Afegir etiqueta
Sense etiquetes, Sigues el primer a etiquetar aquest registre!
Thư viện lưu trữ: Trung tâm Học liệu Trường Đại học Cần Thơ
LEADER 00650nam a2200217Ia 4500
001 CTU_112798
008 210402s9999 xx 000 0 und d
020 |c 42000 
082 |a 843.914 
082 |b L668 
100 |a Levy, Marc 
245 0 |a Nếu em không phải là một giấc mơ? = 
245 0 |b Et si C'était Vrai? 
245 0 |c Marc Levy ; Nguyễn Thị Bạch Tuyết biên dịch 
260 |a Hà Nội 
260 |b Hội Nhà Văn 
260 |c 2006 
650 |a Love stories,San Francisco ( Calif. ) 
650 |x Fiction 
904 |i Minh 
980 |a Trung tâm Học liệu Trường Đại học Cần Thơ